| 000 | 00848cab a2200229 4500 | ||
|---|---|---|---|
| 001 | WB2241-19 | ||
| 008 | 090401t1986 xxu||||| |||| 00| 0 eng d | ||
| 035 | _a(Sirsi) u1741 | ||
| 041 | _aeng | ||
| 245 | _aLandlords consent not obtained | ||
| 260 | _c1986 | ||
| 350 | _a0 | ||
| 490 |
_aTimes _v16/10/86 p42 |
||
| 520 | _aDiscusses 29 Equities Ltd v Bank Leumi (UK) Ltd , CA 10 October 1986, which concerned an appeal from a previous decision concerning a summons by the plaintiff purchasers for specific performance of an agreement for the sale of leasehold property . Appeal allowed. | ||
| 650 | _aASSIGNMENT OF LEASES | ||
| 650 | _aCONTRACT FOR SALE | ||
| 650 | _aNATIONAL CONDITIONS OF SALE 20TH EDITION CONDITION 11 5 | ||
| 650 | _aVENDOR AND PURCHASER | ||
| 690 | _aPROPERTY-LANDLORD AND TENANT | ||
| 942 | _n0 | ||
| 948 | _c04/03/1997 | ||
| 999 |
_c999 _d999 |
||